LEADER 00867nam a2200217 i 4500 001 000000180116 003 CaOOAMICUS 005 20090625000000.0 008 090625s1918 it u000 u fre u 013 $a157761 040 $aSeMil$bita 245 13$aLa justice et le droit :$bCarême 1918. 300 $a379 p. 490 0 $aConférences de N.-D. de Paris 500 $aContiene : Appendices. 700 1 $aJanvier, Marie Albert.$0(OLS)http://semarc/name/5992 773 0 $aJanvier, Marie Albert$tExposition de la morale catholique. Morale Spéciale.$dParis : Lethielleux, 1911.$g8$w()21563 830 0$aConférences de N.-D. de Paris.$0(OLS)http://semarc/title/28556 850 $aSeMil 852 $aSeMil$W1$xVenegono$y1$m3C III 138$j130868$B130868$CSeMilBibl$Z2$F142554 $81 996 $6245$aLa justice et le droit :$bCarême 1918$9(OLS)http://semarc/title/258653 LEADER 00623nam a2200181 i 4500 001 000000192663 003 CaOOAMICUS 005 20100924000000.0 008 100924s1976 be u000 u fre u 013 $a171287 040 $aSeMil$bita 100 1 $aRichard, Marcel,$d<1907-1976>.$0(OLS)http://semarc/name/10599 245 10$a1. 300 $a1 v. :$b[1] c. di tav. [foto]. 773 0 $aRichard, Marcel <1907-1976>$tOpera minora.$dTurnhout : Brepols, 1976-1977.$w()23807 850 $aSeMil 852 $aSeMil$W1$xVenegono$y1$m2U V 151$j143238$B143238$CSeMilBibl$Z2$F154703 $81 996 $6245$a1$9(OLS)http://semarc/title/6508